|
|
|
|
| LEADER |
00000nlm0a2200000 4500 |
| 001 |
273976 |
| 005 |
20231101234701.0 |
| 035 |
|
|
|a (RuTPU)RU\TPU\book\297186
|
| 090 |
|
|
|a 273976
|
| 100 |
|
|
|a 20141030d2014 m y0rusy50 ca
|
| 101 |
0 |
|
|a rus
|
| 102 |
|
|
|a RU
|
| 105 |
|
|
|a a j 001zy
|
| 135 |
|
|
|a drcn ---uucaa
|
| 181 |
|
0 |
|a i
|
| 182 |
|
0 |
|a b
|
| 200 |
1 |
|
|a Геоэкология
|b Электронный ресурс
|e учебное пособие
|e практикум
|f Национальный исследовательский Томский политехнический университет (ТПУ) ; сост. Т. В. Усманова
|
| 203 |
|
|
|a Текст
|c электронный
|
| 210 |
|
|
|a Томск
|c Изд-во ТПУ
|d 2014
|
| 230 |
|
|
|a 1 компьютерный файл (pdf; 3.2 MB)
|
| 300 |
|
|
|a Заглавие с титульного экрана
|
| 333 |
|
|
|a Режим доступа: из корпоративной сети ТПУ
|
| 337 |
|
|
|a Adobe Reader
|
| 606 |
1 |
|
|a Геоэкология
|2 stltpush
|3 (RuTPU)RU\TPU\subj\6313
|9 34236
|
| 610 |
1 |
|
|a электронный ресурс
|
| 610 |
1 |
|
|a учебные пособия
|
| 610 |
1 |
|
|a труды учёных ТПУ
|
| 610 |
1 |
|
|a задания
|
| 610 |
1 |
|
|a лабораторные работы
|
| 610 |
1 |
|
|a месторождения
|
| 610 |
1 |
|
|a полезные ископаемые
|
| 610 |
1 |
|
|a разработки
|
| 610 |
1 |
|
|a геоэкологические последствия
|
| 675 |
|
|
|a 55:502.4(075.8)
|v 3
|
| 702 |
|
1 |
|a Усманова
|b Т. В.
|c геолог
|c старший преподаватель Томского политехнического университета
|f 1978-
|g Татьяна Вячеславовна
|2 stltpush
|3 (RuTPU)RU\TPU\pers\26176
|4 220
|
| 712 |
0 |
2 |
|a Национальный исследовательский Томский политехнический университет (ТПУ)
|b Институт природных ресурсов (ИПР)
|2 stltpush
|3 (RuTPU)RU\TPU\col\16389
|
| 801 |
|
1 |
|a RU
|b 63413507
|c 20141030
|
| 801 |
|
2 |
|a RU
|b 63413507
|c 20160617
|g RCR
|
| 856 |
4 |
|
|u http://www.lib.tpu.ru/fulltext2/m/2014/m343.pdf
|
| 942 |
|
|
|c CF
|